000 01132nam a2200277Ia 4500
999 _c4749
_d4749
003 OSt
005 20200413123042.0
008 191128s2000 wauad gr 000 0dspa d
020 _a821347314
040 _aCO-JMCR
_cCO-JMCR
041 0 _aeng
082 0 4 _a301.633 /
_bM672u
100 1 _aMoser, Caroline,
_eautora
_92944
245 1 0 _aUrban poor perceptions of violence and exclusión in Colombia /
_cCaroline Moser, autora Cathy McIlwine; prefacio de Andres Solimano
260 _aWashington, D.C. :
_bThe World Bank,
_c2000
300 _aXI, 124 páginas :
_bilustraciones, gráficos a blanco y negro ;
_c28 cm.
490 0 _aConflict prevention and post-conflict reconstruction
500 _aBibliografía: páginas 121 - 124.
505 _aForeword -- Acknowledgments -- Executive Summary -- Introduction -- Summary findings: Perceptions of general problems and violence
546 _aTexto en Ingles
650 1 4 _aViolencia Opinión pública
_92945
650 2 4 _aCondiciones económicas
_91949
700 1 _aMcIlwaine, Cathy,
_eautora
_92946
700 1 _aSolimano, Andres,
_eprefacio
_92947
942 _2ddc
_cBK